| 000 | 00872nam a22002297a 4500 | ||
|---|---|---|---|
| 999 |
_c58133 _d58133 |
||
| 005 | 20210624121602.0 | ||
| 008 | 210624s2013 enk||||| |||| 00| 0 eng d | ||
| 020 | _a9781618210760 | ||
| 041 | _aeng | ||
| 080 | _a37.014.3 S-68 | ||
| 245 |
_aSmart Kids with Learning Difficulties : _bOvercoming Obstacles and Realizing Potential / _cWeinfeld, Rich; Barnes-Robinson, Linda; Jeweler, Sue; Shevitz, Betty Roffman. |
||
| 250 | _aSecond edition | ||
| 264 |
_aHawthorne : _bPrufrock Press, _c2013. |
||
| 300 |
_a270 p. _b22 cm. |
||
| 653 | _aპედაგოგიკა | ||
| 653 | _aПедагогика | ||
| 700 |
_a Weinfeldб Rich _eავტორი _912112 |
||
| 700 |
_aBarnes-Robinsonб Linda _eავტორი _912113 |
||
| 700 |
_aJeweler,Sue _eავტორი _912114 |
||
| 700 |
_aRoffman Shevitz, Betty _eავტორი _912115 |
||
| 942 |
_2udc _cBK |
||